000 00236nam a2200097Ia 4500
001 1041869
005 20250826232050.0
008 250824s9999 xx 000 0 und d
245 0 _aÇERİ I
_cGÖKHAN ÇAYIRLI
260 _bLOPUS YAYINLARI
999 _c1041869
_d1041869